Concelhos do distrito de Faro (Portugal) - Statistics

Estatísticas Gerais
  • Esse quiz foi jogado 263 vezes
  • A pontuação média é 12 de 16
Estatísticas das Respostas
Concelhos de FARO % Correto
Albufeira
95%
Portimão
92%
Faro
90%
Vila Real de Santo António
90%
Tavira
88%
Lagos
85%
Olhão
83%
Loulé
80%
Lagoa
79%
Silves
79%
Monchique
70%
Vila do Bispo
70%
Castro Marim
66%
Aljezur
61%
Alcoutim
59%
São Brás de Alportel
58%
Nenhum quiz correspondente encontrado
Distribuição das Pontuações
Porcentagem de Pessoas com Cada Pontuação
Percentil de Números Respondidos
Sua Pontuação Histórica
Você não jogou esse quiz